Applied Psychology for Nurses (Record no. 370706)

MARC details
000 -LEADER
fixed length control field 00648nam a2200229 4500
005 - DATE AND TIME OF LATEST TRANSACTION
control field 20260312123102.0
008 - FIXED-LENGTH DATA ELEMENTS--GENERAL INFORMATION
fixed length control field 260312b |||||||| |||| 00| 0 eng d
020 ## - INTERNATIONAL STANDARD BOOK NUMBER
International Standard Book Number 978-93-6616-588-2
041 ## - LANGUAGE CODE
Language code of text/sound track or separate title English
082 ## - DEWEY DECIMAL CLASSIFICATION NUMBER
Edition number 6th
Classification number PY 150 SRE B12322
Item number SRE
100 ## - MAIN ENTRY--PERSONAL NAME
Author Sreevani R
245 ## - TITLE STATEMENT
Title Applied Psychology for Nurses
Remainder of title Sem I
250 ## - EDITION STATEMENT
Edition statement 6th 2025
260 ## - PUBLICATION, DISTRIBUTION, ETC.
Place of publication, distribution, etc. New Delhi
Name of publisher, distributor, etc. Jaypee Brothers
Date of publication, distribution, etc. 2025
300 ## - PHYSICAL DESCRIPTION
Extent xx; 291p
Other physical details Pb
Dimensions 24x17cm
365 ## - TRADE PRICE
Price type code Rupaye
Price amount 595
Currency code INR
500 ## - GENERAL NOTE
Keywords Psychology
521 ## - TARGET AUDIENCE NOTE
Target audience note Applied Psychology for Nurses for Sem 1
650 ## - SUBJECT ADDED ENTRY--TOPICAL TERM
Topical term or geographic name entry element Psychology
651 ## - SUBJECT ADDED ENTRY--GEOGRAPHIC NAME
Geographic name Psychology
942 ## - ADDED ENTRY ELEMENTS (KOHA)
Koha item type Book Bank
Holdings
Withdrawn status Lost status Source of classification or shelving scheme Damaged status Not for loan Home library Current library Date acquired Vendor Net Price Bill number Total Checkouts Full call number Barcode Date last seen Discount Actual Price Bill Date Koha item type Original Barcode
    Dewey Decimal Classification     Smt. Bakul Tambat Institute of Nursing Education Smt. Bakul Tambat Institute of Nursing Education 12/03/2026 Jaypee Brothers Medical Publishers 380.80 MU/INV-I/25-00099   PY 150 SRE B12322 SRE BTIN-BK-12322 12/03/2026 36% 595.00 07/03/2026 Book Bank BTIN-BK-12322
    Dewey Decimal Classification     Smt. Bakul Tambat Institute of Nursing Education Smt. Bakul Tambat Institute of Nursing Education 12/03/2026 Jaypee Brothers Medical Publishers 380.80 MU/INV-I/25-00099   PY 150 SRE B12323 BTIN-BK-12323 12/03/2026 36% 595.00 07/03/2026 Book Bank BTIN-BK-12323
    Dewey Decimal Classification     Smt. Bakul Tambat Institute of Nursing Education Smt. Bakul Tambat Institute of Nursing Education 12/03/2026 Jaypee Brothers Medical Publishers 380.80 MU/INV-I/25-00099   PY 150 SRE B12324 BTIN-BK-12324 12/03/2026 36% 595.00 07/03/2026 Book Bank BTIN-BK-12324
    Dewey Decimal Classification     Smt. Bakul Tambat Institute of Nursing Education Smt. Bakul Tambat Institute of Nursing Education 12/03/2026 Jaypee Brothers Medical Publishers 380.80 MU/INV-I/25-00099   PY 150 SRE B12325 BTIN-BK-12325 12/03/2026 36% 595.00 07/03/2026 Book Bank BTIN-BK-12325
    Dewey Decimal Classification     Smt. Bakul Tambat Institute of Nursing Education Smt. Bakul Tambat Institute of Nursing Education 12/03/2026 Jaypee Brothers Medical Publishers 380.80 MU/INV-I/25-00099   PY 150 SRE B12326 BTIN-BK-12326 12/03/2026 36% 595.00 07/03/2026 Book Bank BTIN-BK-12326
    Dewey Decimal Classification     Smt. Bakul Tambat Institute of Nursing Education Smt. Bakul Tambat Institute of Nursing Education 12/03/2026 Jaypee Brothers Medical Publishers 380.80 MU/INV-I/25-00099   PY 150 SRE B12327 BTIN-BK-12327 12/03/2026 36% 595.00 07/03/2026 Book Bank BTIN-BK-12327
    Dewey Decimal Classification     Smt. Bakul Tambat Institute of Nursing Education Smt. Bakul Tambat Institute of Nursing Education 12/03/2026 Jaypee Brothers Medical Publishers 380.80 MU/INV-I/25-00099   PY 150 SRE B12328 BTIN-BK-12328 12/03/2026 36% 595.00 07/03/2026 Book Bank BTIN-BK-12328
    Dewey Decimal Classification     Smt. Bakul Tambat Institute of Nursing Education Smt. Bakul Tambat Institute of Nursing Education 12/03/2026 Jaypee Brothers Medical Publishers 380.80 MU/INV-I/25-00099   PY 150 SRE B12329 BTIN-BK-12329 12/03/2026 36% 595.00 07/03/2026 Book Bank BTIN-BK-12329
    Dewey Decimal Classification     Smt. Bakul Tambat Institute of Nursing Education Smt. Bakul Tambat Institute of Nursing Education 12/03/2026 Jaypee Brothers Medical Publishers 380.80 MU/INV-I/25-00099   PY 150 SRE B12330 BTIN-BK-12330 12/03/2026 36% 595.00 07/03/2026 Book Bank BTIN-BK-12330
    Dewey Decimal Classification     Smt. Bakul Tambat Institute of Nursing Education Smt. Bakul Tambat Institute of Nursing Education 12/03/2026 Jaypee Brothers Medical Publishers 380.80 MU/INV-I/25-00099   PY 150 SRE B12331 BTIN-BK-12331 12/03/2026 36% 595.00 07/03/2026 Book Bank BTIN-BK-12331
    Dewey Decimal Classification     Smt. Bakul Tambat Institute of Nursing Education Smt. Bakul Tambat Institute of Nursing Education 12/03/2026 Jaypee Brothers Medical Publishers 380.80 MU/INV-I/25-00099   PY 150 SRE B12332 BTIN-BK-12332 12/03/2026 36% 595.00 07/03/2026 Book Bank BTIN-BK-12332
    Dewey Decimal Classification     Smt. Bakul Tambat Institute of Nursing Education Smt. Bakul Tambat Institute of Nursing Education 12/03/2026 Jaypee Brothers Medical Publishers 380.80 MU/INV-I/25-00099   PY 150 SRE B12333 BTIN-BK-12333 12/03/2026 36% 595.00 07/03/2026 Book Bank BTIN-BK-12333
    Dewey Decimal Classification     Smt. Bakul Tambat Institute of Nursing Education Smt. Bakul Tambat Institute of Nursing Education 12/03/2026 Jaypee Brothers Medical Publishers 380.80 MU/INV-I/25-00099   PY 150 SRE B12334 BTIN-BK-12334 12/03/2026 36% 595.00 07/03/2026 Book Bank BTIN-BK-12334
    Dewey Decimal Classification     Smt. Bakul Tambat Institute of Nursing Education Smt. Bakul Tambat Institute of Nursing Education 12/03/2026 Jaypee Brothers Medical Publishers 380.80 MU/INV-I/25-00099   PY 150 SRE B12335 BTIN-BK-12335 12/03/2026 36% 595.00 07/03/2026 Book Bank BTIN-BK-12335
    Dewey Decimal Classification     Smt. Bakul Tambat Institute of Nursing Education Smt. Bakul Tambat Institute of Nursing Education 12/03/2026 Jaypee Brothers Medical Publishers 380.80 MU/INV-I/25-00099   PY 150 SRE B12336 BTIN-BK-12336 12/03/2026 36% 595.00 07/03/2026 Book Bank BTIN-BK-12336
    Dewey Decimal Classification     Smt. Bakul Tambat Institute of Nursing Education Smt. Bakul Tambat Institute of Nursing Education 12/03/2026 Jaypee Brothers Medical Publishers 380.80 MU/INV-I/25-00099   PY 150 SRE B12337 BTIN-BK-12337 12/03/2026 36% 595.00 07/03/2026 Book Bank BTIN-BK-12337
    Dewey Decimal Classification     Smt. Bakul Tambat Institute of Nursing Education Smt. Bakul Tambat Institute of Nursing Education 12/03/2026 Jaypee Brothers Medical Publishers 380.80 MU/INV-I/25-00099   PY 150 SRE B12338 BTIN-BK-12338 12/03/2026 36% 595.00 07/03/2026 Book Bank BTIN-BK-12338
    Dewey Decimal Classification     Smt. Bakul Tambat Institute of Nursing Education Smt. Bakul Tambat Institute of Nursing Education 12/03/2026 Jaypee Brothers Medical Publishers 380.80 MU/INV-I/25-00099   PY 150 SRE B12339 BTIN-BK-12339 12/03/2026 36% 595.00 07/03/2026 Book Bank BTIN-BK-12339
    Dewey Decimal Classification     Smt. Bakul Tambat Institute of Nursing Education Smt. Bakul Tambat Institute of Nursing Education 12/03/2026 Jaypee Brothers Medical Publishers 380.80 MU/INV-I/25-00099   PY 150 SRE B12340 BTIN-BK-12340 12/03/2026 36% 595.00 07/03/2026 Book Bank BTIN-BK-12340
    Dewey Decimal Classification     Smt. Bakul Tambat Institute of Nursing Education Smt. Bakul Tambat Institute of Nursing Education 12/03/2026 Jaypee Brothers Medical Publishers 380.80 MU/INV-I/25-00099   PY 150 SRE B12341 BTIN-BK-12341 12/03/2026 36% 595.00 07/03/2026 Book Bank BTIN-BK-12341
    Dewey Decimal Classification     Smt. Bakul Tambat Institute of Nursing Education Smt. Bakul Tambat Institute of Nursing Education 12/03/2026 Jaypee Brothers Medical Publishers 380.80 MU/INV-I/25-00099   PY 150 SRE B12342 BTIN-BK-12342 12/03/2026 36% 595.00 07/03/2026 Book Bank BTIN-BK-12342
    Dewey Decimal Classification     Smt. Bakul Tambat Institute of Nursing Education Smt. Bakul Tambat Institute of Nursing Education 12/03/2026 Jaypee Brothers Medical Publishers 380.80 MU/INV-I/25-00099   PY 150 SRE B12343 BTIN-BK-12343 12/03/2026 36% 595.00 07/03/2026 Book Bank BTIN-BK-12343
    Dewey Decimal Classification     Smt. Bakul Tambat Institute of Nursing Education Smt. Bakul Tambat Institute of Nursing Education 12/03/2026 Jaypee Brothers Medical Publishers 380.80 MU/INV-I/25-00099   PY 150 SRE B12344 BTIN-BK-12344 12/03/2026 36% 595.00 07/03/2026 Book Bank BTIN-BK-12344
    Dewey Decimal Classification     Smt. Bakul Tambat Institute of Nursing Education Smt. Bakul Tambat Institute of Nursing Education 12/03/2026 Jaypee Brothers Medical Publishers 380.80 MU/INV-I/25-00099   PY 150 SRE B12345 BTIN-BK-12345 12/03/2026 36% 595.00 07/03/2026 Book Bank BTIN-BK-12345
    Dewey Decimal Classification     Smt. Bakul Tambat Institute of Nursing Education Smt. Bakul Tambat Institute of Nursing Education 12/03/2026 Jaypee Brothers Medical Publishers 380.80 MU/INV-I/25-00099   PY 150 SRE B12346 BTIN-BK-12346 12/03/2026 36% 595.00 07/03/2026 Book Bank BTIN-BK-12346
    Dewey Decimal Classification     Smt. Bakul Tambat Institute of Nursing Education Smt. Bakul Tambat Institute of Nursing Education 12/03/2026 Jaypee Brothers Medical Publishers 380.80 MU/INV-I/25-00099   PY 150 SRE B12347 BTIN-BK-12347 12/03/2026 36% 595.00 07/03/2026 Book Bank BTIN-BK-12347
    Dewey Decimal Classification     Smt. Bakul Tambat Institute of Nursing Education Smt. Bakul Tambat Institute of Nursing Education 12/03/2026 Jaypee Brothers Medical Publishers 380.80 MU/INV-I/25-00099   PY 150 SRE B12348 BTIN-BK-12348 12/03/2026 36% 595.00 07/03/2026 Book Bank BTIN-BK-12348
    Dewey Decimal Classification     Smt. Bakul Tambat Institute of Nursing Education Smt. Bakul Tambat Institute of Nursing Education 12/03/2026 Jaypee Brothers Medical Publishers 380.80 MU/INV-I/25-00099   PY 150 SRE B12349 BTIN-BK-12349 12/03/2026 36% 595.00 07/03/2026 Book Bank BTIN-BK-12349
    Dewey Decimal Classification     Smt. Bakul Tambat Institute of Nursing Education Smt. Bakul Tambat Institute of Nursing Education 12/03/2026 Jaypee Brothers Medical Publishers 380.80 MU/INV-I/25-00099   PY 150 SRE B12350 BTIN-BK-12350 12/03/2026 36% 595.00 07/03/2026 Book Bank BTIN-BK-12350
    Dewey Decimal Classification     Smt. Bakul Tambat Institute of Nursing Education Smt. Bakul Tambat Institute of Nursing Education 12/03/2026 Jaypee Brothers Medical Publishers 380.80 MU/INV-I/25-00099   PY 150 SRE B12351 BTIN-BK-12351 12/03/2026 36% 595.00 07/03/2026 Book Bank BTIN-BK-12351
    Dewey Decimal Classification     Smt. Bakul Tambat Institute of Nursing Education Smt. Bakul Tambat Institute of Nursing Education 12/03/2026 Jaypee Brothers Medical Publishers 380.80 MU/INV-I/25-00099   PY 150 SRE B12352 BTIN-BK-12352 12/03/2026 36% 595.00 07/03/2026 Book Bank BTIN-BK-12352
    Dewey Decimal Classification     Smt. Bakul Tambat Institute of Nursing Education Smt. Bakul Tambat Institute of Nursing Education 12/03/2026 Jaypee Brothers Medical Publishers 380.80 MU/INV-I/25-00099   PY 150 SRE B12353 BTIN-BK-12353 12/03/2026 36% 595.00 07/03/2026 Book Bank BTIN-BK-12353
    Dewey Decimal Classification     Smt. Bakul Tambat Institute of Nursing Education Smt. Bakul Tambat Institute of Nursing Education 12/03/2026 Jaypee Brothers Medical Publishers 380.80 MU/INV-I/25-00099   PY 150 SRE B12354 BTIN-BK-12354 12/03/2026 36% 595.00 07/03/2026 Book Bank BTIN-BK-12354
    Dewey Decimal Classification     Smt. Bakul Tambat Institute of Nursing Education Smt. Bakul Tambat Institute of Nursing Education 12/03/2026 Jaypee Brothers Medical Publishers 380.80 MU/INV-I/25-00099   PY 150 SRE B12355 BTIN-BK-12355 12/03/2026 36% 595.00 07/03/2026 Book Bank BTIN-BK-12355
    Dewey Decimal Classification     Smt. Bakul Tambat Institute of Nursing Education Smt. Bakul Tambat Institute of Nursing Education 12/03/2026 Jaypee Brothers Medical Publishers 380.80 MU/INV-I/25-00099   PY 150 SRE B12356 BTIN-BK-12356 12/03/2026 36% 595.00 07/03/2026 Book Bank BTIN-BK-12356
    Dewey Decimal Classification     Smt. Bakul Tambat Institute of Nursing Education Smt. Bakul Tambat Institute of Nursing Education 12/03/2026 Jaypee Brothers Medical Publishers 380.80 MU/INV-I/25-00099   PY 150 SRE B12357 BTIN-BK-12357 12/03/2026 36% 595.00 07/03/2026 Book Bank BTIN-BK-12357
    Dewey Decimal Classification     Smt. Bakul Tambat Institute of Nursing Education Smt. Bakul Tambat Institute of Nursing Education 12/03/2026 Jaypee Brothers Medical Publishers 380.80 MU/INV-I/25-00099   PY 150 SRE B12358 BTIN-BK-12358 12/03/2026 36% 595.00 07/03/2026 Book Bank BTIN-BK-12358
    Dewey Decimal Classification     Smt. Bakul Tambat Institute of Nursing Education Smt. Bakul Tambat Institute of Nursing Education 12/03/2026 Jaypee Brothers Medical Publishers 380.80 MU/INV-I/25-00099   PY 150 SRE B12359 BTIN-BK-12359 12/03/2026 36% 595.00 07/03/2026 Book Bank BTIN-BK-12359
    Dewey Decimal Classification     Smt. Bakul Tambat Institute of Nursing Education Smt. Bakul Tambat Institute of Nursing Education 12/03/2026 Jaypee Brothers Medical Publishers 380.80 MU/INV-I/25-00099   PY 150 SRE B12360 BTIN-BK-12360 12/03/2026 36% 595.00 07/03/2026 Book Bank BTIN-BK-12360
    Dewey Decimal Classification     Smt. Bakul Tambat Institute of Nursing Education Smt. Bakul Tambat Institute of Nursing Education 12/03/2026 Jaypee Brothers Medical Publishers 380.80 MU/INV-I/25-00099   PY 150 SRE B12361 BTIN-BK-12361 12/03/2026 36% 595.00 07/03/2026 Book Bank BTIN-BK-12361
    Dewey Decimal Classification     Smt. Bakul Tambat Institute of Nursing Education Smt. Bakul Tambat Institute of Nursing Education 12/03/2026 Jaypee Brothers Medical Publishers 380.80 MU/INV-I/25-00099   PY 150 SRE B12362 BTIN-BK-12362 12/03/2026 36% 595.00 07/03/2026 Book Bank BTIN-BK-12362
    Dewey Decimal Classification     Smt. Bakul Tambat Institute of Nursing Education Smt. Bakul Tambat Institute of Nursing Education 12/03/2026 Jaypee Brothers Medical Publishers 380.80 MU/INV-I/25-00099   PY 150 SRE B12363 BTIN-BK-12363 12/03/2026 36% 595.00 07/03/2026 Book Bank BTIN-BK-12363
    Dewey Decimal Classification     Smt. Bakul Tambat Institute of Nursing Education Smt. Bakul Tambat Institute of Nursing Education 12/03/2026 Jaypee Brothers Medical Publishers 380.80 MU/INV-I/25-00099   PY 150 SRE B12364 BTIN-BK-12364 12/03/2026 36% 595.00 07/03/2026 Book Bank BTIN-BK-12364
    Dewey Decimal Classification     Smt. Bakul Tambat Institute of Nursing Education Smt. Bakul Tambat Institute of Nursing Education 12/03/2026 Jaypee Brothers Medical Publishers 380.80 MU/INV-I/25-00099   PY 150 SRE B12365 BTIN-BK-12365 12/03/2026 36% 595.00 07/03/2026 Book Bank BTIN-BK-12365
    Dewey Decimal Classification     Smt. Bakul Tambat Institute of Nursing Education Smt. Bakul Tambat Institute of Nursing Education 12/03/2026 Jaypee Brothers Medical Publishers 380.80 MU/INV-I/25-00099   PY 150 SRE B12366 BTIN-BK-12366 12/03/2026 36% 595.00 07/03/2026 Book Bank BTIN-BK-12366
    Dewey Decimal Classification     Smt. Bakul Tambat Institute of Nursing Education Smt. Bakul Tambat Institute of Nursing Education 12/03/2026 Jaypee Brothers Medical Publishers 380.80 MU/INV-I/25-00099   PY 150 SRE B12367 BTIN-BK-12367 12/03/2026 36% 595.00 07/03/2026 Book Bank BTIN-BK-12367
    Dewey Decimal Classification     Smt. Bakul Tambat Institute of Nursing Education Smt. Bakul Tambat Institute of Nursing Education 12/03/2026 Jaypee Brothers Medical Publishers 380.80 MU/INV-I/25-00099   PY 150 SRE B12368 BTIN-BK-12368 12/03/2026 36% 595.00 07/03/2026 Book Bank BTIN-BK-12368
    Dewey Decimal Classification     Smt. Bakul Tambat Institute of Nursing Education Smt. Bakul Tambat Institute of Nursing Education 12/03/2026 Jaypee Brothers Medical Publishers 380.80 MU/INV-I/25-00099   PY 150 SRE B12369 BTIN-BK-12369 12/03/2026 36% 595.00 07/03/2026 Book Bank BTIN-BK-12369
    Dewey Decimal Classification     Smt. Bakul Tambat Institute of Nursing Education Smt. Bakul Tambat Institute of Nursing Education 12/03/2026 Jaypee Brothers Medical Publishers 380.80 MU/INV-I/25-00099   PY 150 SRE B12370 BTIN-BK-12370 12/03/2026 36% 595.00 07/03/2026 Book Bank BTIN-BK-12370
    Dewey Decimal Classification     Smt. Bakul Tambat Institute of Nursing Education Smt. Bakul Tambat Institute of Nursing Education 12/03/2026 Jaypee Brothers Medical Publishers 380.80 MU/INV-I/25-00099   PY 150 SRE B12371 BTIN-BK-12371 12/03/2026 36% 595.00 07/03/2026 Book Bank BTIN-BK-12371
    Dewey Decimal Classification     Smt. Bakul Tambat Institute of Nursing Education Smt. Bakul Tambat Institute of Nursing Education 12/03/2026 Jaypee Brothers Medical Publishers 380.80 MU/INV-I/25-00099   PY 150 SRE B12372 BTIN-BK-12372 12/03/2026 36% 595.00 07/03/2026 Book Bank BTIN-BK-12372
    Dewey Decimal Classification     Smt. Bakul Tambat Institute of Nursing Education Smt. Bakul Tambat Institute of Nursing Education 12/03/2026 Jaypee Brothers Medical Publishers 380.80 MU/INV-I/25-00099   PY 150 SRE B12373 BTIN-BK-12373 12/03/2026 36% 595.00 07/03/2026 Book Bank BTIN-BK-12373
    Dewey Decimal Classification     Smt. Bakul Tambat Institute of Nursing Education Smt. Bakul Tambat Institute of Nursing Education 12/03/2026 Jaypee Brothers Medical Publishers 380.80 MU/INV-I/25-00099   PY 150 SRE B12374 BTIN-BK-12374 12/03/2026 36% 595.00 07/03/2026 Book Bank BTIN-BK-12374
    Dewey Decimal Classification     Smt. Bakul Tambat Institute of Nursing Education Smt. Bakul Tambat Institute of Nursing Education 12/03/2026 Jaypee Brothers Medical Publishers 380.80 MU/INV-I/25-00099   PY 150 SRE B12375 BTIN-BK-12375 12/03/2026 36% 595.00 07/03/2026 Book Bank BTIN-BK-12375
    Dewey Decimal Classification     Smt. Bakul Tambat Institute of Nursing Education Smt. Bakul Tambat Institute of Nursing Education 12/03/2026 Jaypee Brothers Medical Publishers 380.80 MU/INV-I/25-00099   PY 150 SRE B12376 BTIN-BK-12376 12/03/2026 36% 595.00 07/03/2026 Book Bank BTIN-BK-12376
    Dewey Decimal Classification     Smt. Bakul Tambat Institute of Nursing Education Smt. Bakul Tambat Institute of Nursing Education 12/03/2026 Jaypee Brothers Medical Publishers 380.80 MU/INV-I/25-00099   PY 150 SRE B12377 BTIN-BK-12377 12/03/2026 36% 595.00 07/03/2026 Book Bank BTIN-BK-12377
    Dewey Decimal Classification     Smt. Bakul Tambat Institute of Nursing Education Smt. Bakul Tambat Institute of Nursing Education 12/03/2026 Jaypee Brothers Medical Publishers 380.80 MU/INV-I/25-00099   PY 150 SRE B12378 BTIN-BK-12378 12/03/2026 36% 595.00 07/03/2026 Book Bank BTIN-BK-12378
    Dewey Decimal Classification     Smt. Bakul Tambat Institute of Nursing Education Smt. Bakul Tambat Institute of Nursing Education 12/03/2026 Jaypee Brothers Medical Publishers 380.80 MU/INV-I/25-00099   PY 150 SRE B12379 BTIN-BK-12379 12/03/2026 36% 595.00 07/03/2026 Book Bank BTIN-BK-12379
    Dewey Decimal Classification     Smt. Bakul Tambat Institute of Nursing Education Smt. Bakul Tambat Institute of Nursing Education 12/03/2026 Jaypee Brothers Medical Publishers 380.80 MU/INV-I/25-00099   PY 150 SRE B12380 BTIN-BK-12380 12/03/2026 36% 595.00 07/03/2026 Book Bank BTIN-BK-12380
    Dewey Decimal Classification     Smt. Bakul Tambat Institute of Nursing Education Smt. Bakul Tambat Institute of Nursing Education 12/03/2026 Jaypee Brothers Medical Publishers 380.80 MU/INV-I/25-00099   PY 150 SRE B12381 BTIN-BK-12381 12/03/2026 36% 595.00 07/03/2026 Book Bank BTIN-BK-12381